Estado de la Nación en Desarrollo Humano Sostenible: Un análisis amplio y objetivos sobre la Costa Rica que tenemos, a partir de los indicadores más actuales
محفوظ في:
| مؤلف مشترك: | |
|---|---|
| التنسيق: | كتاب |
| اللغة: | Spanish |
| الموضوعات: | |
| الوسوم: |
إضافة وسم
لا توجد وسوم, كن أول من يضع وسما على هذه التسجيلة!
|
MARC
| LEADER | 00000nam a22000007a 4500 | ||
|---|---|---|---|
| 003 | cru CIDCACS/IIS | ||
| 005 | 20200225113813.0 | ||
| 008 | 200225b1997 CR ||||| |||| 00| 0 spa d | ||
| 999 | |c 42967 |d 42967 | ||
| 040 | |c cru CIDCACS/IIS | ||
| 090 | |a REV1419 (i)1994 | ||
| 110 | |9 9105 |a Consejo Nacional de Rectores (CONARE) | ||
| 245 | |a Estado de la Nación en Desarrollo Humano Sostenible: |b Un análisis amplio y objetivos sobre la Costa Rica que tenemos, a partir de los indicadores más actuales | ||
| 648 | |z 2. INFORMES. 3. IGUALDAD DE GENERO. 4. ACUERDOS INTERNACIONALES. 5. EVALUACION. 6. MUJERES. 7. POBREZA. 8. ACCESO A LA EDUCACION. 9. OPORTUNIDADES DE EMPLEO. 10. ESTRUCTURA DEL EMPLEO. 11. CONDICIONES DE SALUD. 12. VIOLENCIA CONTRA LAS MUJERES. 13. PARTICIPACION POLITICA. 14. CUA. | ||
| 650 | 0 | |9 5306 |a DESARROLLO HUMANO | |
| 650 | 0 | |9 2139 |a EQUIDAD SOCIAL | |
| 650 | 0 | |9 2165 |a CONDICIONES ECONOMICAS | |
| 650 | 0 | |9 2234 |a CONSERVACION DE LA NATURALEZA | |
| 650 | 0 | |9 2125 |a PARTICIPACION SOCIAL | |
| 942 | |2 ddc |c PP | ||
